Statistics for Country Names Without Vowels #10

Click here to take the quiz!

General Stats

  • This quiz has been taken 99 times
  • The average score is 10 of 15

Answer Stats

Without VowelsWith Vowels% Correct
ChnChina
99%
DnmrkDenmark
94%
SrbSerbia
87%
BlgrBulgaria
86%
LbnnLebanon
86%
CyprsCyprus
85%
SdnSudan
80%
St Ktts Nd NvsSt. Kitts And Nevis
71%
MltMalta
62%
LsLaos
52%
VntVanuatu
48%
MlMali
45%
NrNauru
41%
NdrrAndorra
39%
CdrEcuador
30%

Score Distribution

Percentile by Number Answered

Percent of People with Each Score

Your Score History

You have not taken this quiz